都道府県の最高峰 - Statistics

General Stats
  • This quiz has been taken 204 times
  • The average score is 12 of 47
Answer Stats
都道府県 山名 標高(m) 備考 % Correct
山梨 富士山(剣ヶ峰) 3776
90%
静岡 富士山(剣ヶ峰) 3776
90%
北海道 大雪山(旭岳) 2291
65%
山形 鳥海山(新山) 2236
60%
鳥取 大山(剣ヶ峰) 1729
59%
富山 立山(大汝山) 3015
55%
青森 岩木山 1625
53%
岩手 岩手山 2038
53%
石川 白山(御前峰) 2702
51%
東京 雲取山 2017
45%
長野 奥穂高岳 3190
42%
岐阜 奥穂高岳 3190
42%
愛媛 石鎚山(天狗岳) 1982
41%
徳島 剣山 1955
39%
鹿児島 宮之浦岳 1936
37%
滋賀 伊吹山 1377
34%
栃木 日光白根山 2578
27%
群馬 日光白根山 2578
27%
兵庫 氷ノ山 1510
24%
長崎 雲仙岳(平成新山) 1486
23%
福島 燧ヶ岳(柴安嵓) 2356
22%
千葉 愛宕山 408
21%
愛知 茶臼山 1415
17%
茨城 八溝山 1022
16%
三重 大台ヶ原山(日出ヶ岳) 1695
16%
大分 九重山(中岳) 1791
16%
沖縄 於茂登岳 526
13%
神奈川 蛭ヶ岳 1673
10%
宮崎 祖母山 1756
10%
秋田 秋田駒ヶ岳(男女岳) 1637 最高地点は鳥海山中腹
8%
埼玉 三宝山 2483
7%
奈良 八経ヶ岳(八剣山) 1915
7%
和歌山 龍神岳 1382
5%
島根 恐羅漢山 1346
5%
広島 恐羅漢山 1346
5%
熊本 国見岳 1739
4%
大阪 大和葛城山 959 最高地点は金剛山中腹
3%
岡山 後山 1345
3%
山口 寂地山 1337
3%
佐賀 経ヶ岳 1076
3%
宮城 屏風岳 1825
2%
新潟 小蓮華山 2766
2%
京都 皆子山 972
2%
香川 竜王山 1060
2%
高知 三嶺 1893
2%
福岡 釈迦岳 1230
2%
福井 越前三ノ峰 2095
1%
No matching quizzes found
Score Distribution
Percent of People with Each Score
Percentile by Number Answered
Your Score History
You have not taken this quiz